[Event "Gyongyos op "]
[Site "Gyongyos"]
[Date "1995.??.??"]
[Round "?"]
[White "Parkanyi, Attila"]
[Black "Galanov, Boris"]
[Result "1/2-1/2"]
[WhiteElo "2360"]
[BlackElo "2405"]
[PlyCount "110"]
[EventDate "1995.??.??"]
[EventType "swiss"]
[EventRounds "9"]
[EventCountry "HUN"]
[SourceTitle "EXT 1999"]
[Source "ChessBase"]
[SourceDate "1998.11.16"]
[SourceVersion "1"]
[SourceVersionDate "1998.11.16"]
[SourceQuality "1"]

1. e4 c5 2. Nf3 d6 3. d4 cxd4 4. Nxd4 Nf6 5. Nc3 g6 6. Be3 Bg7 7. f3 Nc6 8. Qd2 0-0 9. 0-0-0 Nxd4 10. Bxd4 Be6 11. Kb1 Qc7 12. g4 Rfc8 13. h4 Qa5 14. a3 Rab8 15. h5 b5 16. hxg6 hxg6 17. Qg5 Rxc3 18. Bxc3 Nxe4 19. Bxa5 Nxg5 20. Bg2 Nh7 21. Bd2 Nf6 22. Bc3 Nd5 23. Bxg7 Kxg7 24. Rd4 g5 25. Bf1 Nf4 26. Bd3 d5 27. a4 b4 28. a5 Bd7 29. Ba6 e5 30. Rd2 Bb5 31. Bxb5 Rxb5 32. Ka2 b3+ 33. cxb3 Rxa5+ 34. Kb1 d4 35. Rc1 Rb5 36. Ka2 Ra5+ 37. Kb1 Ne6 38. Rc4 Rb5 39. b4 Kf6 40. b3 Rb6 41. Ra2 a6 42. Kc2 Nf4 43. Ra5 Ke6 44. Rcc5 f6 45. b5 axb5 46. Raxb5 Rd6 47. b4 Ne2 48. Ra5 d3+ 49. Kd2 Ng1 50. b5 Nxf3+ 51. Kd1 Nd4 52. Ra8 Kd7 53. Ra7+ Ke6 54. Ra8 Kd7 55. Ra7+ Ke6 1/2-1/2

[Event "Schneider Memorial"]
[Site "Budapest"]
[Date "1994.??.??"]
[Round "3"]
[White "Galanov, Boris"]
[Black "Farago, Sandor"]
[Result "1/2-1/2"]
[WhiteElo "2435"]
[BlackElo "2390"]
[PlyCount "29"]
[EventDate "1994.01.??"]
[EventType "swiss"]
[EventRounds "9"]
[EventCountry "HUN"]
[SourceTitle "EXT 1999"]
[Source "ChessBase"]
[SourceDate "1998.11.16"]
[SourceVersion "1"]
[SourceVersionDate "1998.11.16"]
[SourceQuality "1"]

1. e4 c5 2. Nf3 d6 3. d4 cxd4 4. Nxd4 Nf6 5. Nc3 g6 6. Be3 Bg7 7. Be2 0-0 8. Nb3 b6 9. Bf3 e5 10. 0-0 Nc6 11. Qd2 Qe7 12. Rad1 Rd8 13. Bg5 Be6 14. Rfe1 Qf8 15. Nd5 1/2-1/2

[Event "Passau op 2nd"]
[Site "Passau"]
[Date "1994.??.??"]
[Round "?"]
[White "Galanov, Boris"]
[Black "Groszpeter, Attila"]
[Result "0-1"]
[WhiteElo "2435"]
[BlackElo "2525"]
[PlyCount "80"]
[EventDate "1994.??.??"]
[EventType "swiss"]
[EventRounds "7"]
[EventCountry "GER"]
[SourceTitle "EXT 1999"]
[Source "ChessBase"]
[SourceDate "1998.11.16"]
[SourceVersion "1"]
[SourceVersionDate "1998.11.16"]
[SourceQuality "1"]

1. e4 c5 2. Nf3 d6 3. d4 cxd4 4. Nxd4 Nf6 5. Nc3 Nc6 6. Bg5 e6 7. Qd2 a6 8. 0-0-0 h6 9. Bf4 Bd7 10. Nb3 Ne5 11. f3 Be7 12. Kb1 b5 13. Bd3 b4 14. Ne2 a5 15. Nbc1 Qb8 16. Be3 Qb7 17. h3 0-0 18. f4 Nxd3 19. cxd3 Rfc8 20. g4 Ba4 21. b3 Bc6 22. Ng3 a4 23. g5 hxg5 24. fxg5 axb3 25. Nxb3 Ba4 26. Rc1 Bxb3 27. axb3 Nd5 28. exd5 Qxd5 29. Rc4 Rxc4 30. dxc4 Qe5 31. Qd4 Qxg3 32. Rg1 Qh2 33. Bf2 Qxh3 34. Be3 d5 35. cxd5 Qf5+ 36. Kb2 Bd6 37. Kc1 Be5 38. Qxb4 Ra1+ 39. Kd2 Ra2+ 40. Ke1 Qb1+ 0-1

[Event "RUS-chT 02nd"]
[Site "Kolontaevo"]
[Date "1994.??.??"]
[Round "6"]
[White "Galanov, Boris"]
[Black "Ivanov, Victor L"]
[Result "1/2-1/2"]
[WhiteElo "2430"]
[BlackElo "2385"]
[PlyCount "28"]
[EventDate "1994.??.??"]
[EventType "team-tourn"]
[EventRounds "9"]
[EventCountry "RUS"]
[SourceTitle "EXT 2020"]
[Source "ChessBase"]
[SourceDate "2019.10.17"]
[SourceVersion "1"]
[SourceVersionDate "2019.10.17"]
[SourceQuality "1"]
[WhiteTeam "Voronezh OShK"]
[BlackTeam "Sovetov Krylia"]
[WhiteTeamCountry "RUS"]
[BlackTeamCountry "RUS"]

1. e4 e5 2. Nf3 Nc6 3. Nc3 Nf6 4. d4 exd4 5. Nd5 Be7 6. Bf4 d6 7. Nxd4 0-0 8. Nb5 Nxd5 9. exd5 Ne5 10. Be2 c6 11. Nc3 Ng6 12. Be3 Bg5 13. Qd2 Bxe3 14. Qxe3 Re8 1/2-1/2

[Event "Berliner Sommer 12th"]
[Site "Berlin"]
[Date "1994.??.??"]
[Round "?"]
[White "Galanov, Boris"]
[Black "Mattick, Lutz"]
[Result "1/2-1/2"]
[WhiteElo "2430"]
[BlackElo "2230"]
[PlyCount "128"]
[EventDate "1994.08.??"]
[EventType "swiss"]
[EventRounds "9"]
[EventCountry "GER"]
[SourceTitle "EXT 1997"]
[Source "ChessBase"]
[SourceDate "1996.11.15"]
[SourceVersion "1"]
[SourceVersionDate "1996.11.15"]
[SourceQuality "1"]

1. e4 c5 2. Nf3 e6 3. d3 Nc6 4. g3 g6 5. Bg2 Bg7 6. 0-0 Nge7 7. Re1 d6 8. c3 0-0 9. Be3 e5 10. Qd2 f5 11. Na3 f4 12. gxf4 Bg4 13. h3 Bxf3 14. Bxf3 exf4 15. Bxf4 g5 16. Bg3 Rxf3 17. Qxg5 Qd7 18. Kg2 Raf8 19. Re3 h6 20. Qh5 Rxe3 21. fxe3 d5 22. exd5 Nxd5 23. Re1 Rf5 24. Qg4 Ne5 25. Qe2 Rg5 26. d4 Ng6 27. Kh2 Nf6 28. Nc4 Rxg3 29. Kxg3 Ne4+ 30. Kh2 Qc7+ 31. Ne5 Bxe5+ 32. dxe5 Qxe5+ 33. Kg1 Qg3+ 34. Kf1 Ne5 35. Qg2 Nd3 36. Re2 Qxg2+ 37. Rxg2+ Kf7 38. Rg4 Nf6 39. Rg2 Ne4 40. c4 Ne5 41. b3 h5 42. Ke2 h4 43. Rg1 Nc3+ 44. Kf2 a6 45. a3 Ne4+ 46. Ke2 Nd2 47. b4 cxb4 48. axb4 Ndxc4 49. Kf2 Nd3+ 50. Ke2 Nce5 51. Rd1 Ke6 52. e4 Nf4+ 53. Ke3 Nxh3 54. Rh1 Ng5 55. Rh3 Nc6 56. Rxh4 Kf6 57. Rh6+ Kg7 58. Rd6 Nf7 59. Rd7 b5 60. Rc7 Nxb4 61. Kd4 Kf6 62. Ke3 a5 63. Rc5 Ne5 64. Rxb5 Nbc6 1/2-1/2

[Event "Schneider Memorial"]
[Site "Budapest"]
[Date "1994.??.??"]
[Round "6"]
[White "Galanov, Boris"]
[Black "Parkanyi, Attila"]
[Result "1-0"]
[WhiteElo "2435"]
[BlackElo "2345"]
[PlyCount "69"]
[EventDate "1994.01.??"]
[EventType "swiss"]
[EventRounds "9"]
[EventCountry "HUN"]
[SourceTitle "EXT 1999"]
[Source "ChessBase"]
[SourceDate "1998.11.16"]
[SourceVersion "1"]
[SourceVersionDate "1998.11.16"]
[SourceQuality "1"]

1. e4 c5 2. Nf3 d6 3. d4 cxd4 4. Nxd4 Nf6 5. Nc3 g6 6. Be3 Bg7 7. Be2 Nc6 8. Nb3 0-0 9. f4 Be6 10. g4 Rc8 11. g5 Nd7 12. Qd2 Bxb3 13. axb3 a6 14. h4 b5 15. h5 Nb4 16. hxg6 hxg6 17. Bg4 e6 18. Rd1 Re8 19. Kf1 Rc6 20. e5 Nb6 21. Ne4 Rxc2 22. Qxb4 Nd5 23. Rxd5 exd5 24. Nxd6 Re7 25. Qd4 Qa5 26. Bd1 Qa1 27. Qxd5 Rxb2 28. Nxf7 Rxf7 29. e6 Rf5 30. e7+ Rxd5 31. e8Q+ Bf8 32. Qxg6+ Bg7 33. Qe8+ Bf8 34. Qe6+ Kg7 35. Qf6+ 1-0

[Event "Schneider Memorial"]
[Site "Budapest"]
[Date "1994.??.??"]
[Round "1"]
[White "Galanov, Boris"]
[Black "Pastivnychna, Zorjana"]
[Result "1-0"]
[WhiteElo "2435"]
[BlackElo "2215"]
[PlyCount "67"]
[EventDate "1994.01.??"]
[EventType "swiss"]
[EventRounds "9"]
[EventCountry "HUN"]
[SourceTitle "EXT 1999"]
[Source "ChessBase"]
[SourceDate "1998.11.16"]
[SourceVersion "1"]
[SourceVersionDate "1998.11.16"]
[SourceQuality "1"]

1. e4 c5 2. Nf3 Nc6 3. d3 d6 4. g3 g6 5. Bg2 Bg7 6. 0-0 Nf6 7. Re1 0-0 8. c3 Bg4 9. h3 Bd7 10. d4 cxd4 11. cxd4 Rc8 12. Nc3 Na5 13. Qd3 h6 14. b3 Qb6 15. Ba3 Rfd8 16. Rac1 a6 17. Qe2 Nc6 18. Red1 Qa5 19. Bb2 b5 20. Ba1 b4 21. Nd5 e6 22. Nxf6+ Bxf6 23. Qd2 Bg7 24. Rc4 Rb8 25. Rdc1 Qb6 26. d5 Na7 27. Bd4 Bxd4 28. Nxd4 Kg7 29. dxe6 fxe6 30. Rc7 d5 31. exd5 exd5 32. Bxd5 Nb5 33. Nxb5 Qxb5 34. Bc6 1-0

[Event "Berliner Sommer 12th"]
[Site "Berlin"]
[Date "1994.??.??"]
[Round "?"]
[White "Glek, Igor Vladimirovich"]
[Black "Galanov, Boris"]
[Result "1-0"]
[WhiteElo "2615"]
[BlackElo "2430"]
[PlyCount "41"]
[EventDate "1994.08.??"]
[EventType "swiss"]
[EventRounds "9"]
[EventCountry "GER"]
[SourceTitle "TD"]
[Source "ChessBase"]
[SourceDate "1994.03.01"]
[SourceVersion "1"]
[SourceVersionDate "1994.03.01"]
[SourceQuality "1"]

1. e4 c5 2. Nf3 d6 3. d4 cxd4 4. Nxd4 Nf6 5. Nc3 g6 6. Be2 Bg7 7. 0-0 0-0 8. Be3 a6 9. f4 Nbd7 10. a4 Qc7 11. g4 Nc5 12. Bf3 e5 13. Nb3 Nxb3 14. cxb3 d5 15. g5 Nd7 16. Nxd5 Qd8 17. f5 f6 18. Rc1 gxf5 19. Nc7 f4 20. Bf2 Qe7 21. Nxa8 1-0

[Event "Budapest Spring op 10th"]
[Site "Budapest"]
[Date "1994.??.??"]
[Round "3"]
[White "Ormos, Gaszton"]
[Black "Galanov, Boris"]
[Result "0-1"]
[WhiteElo "2205"]
[BlackElo "2435"]
[PlyCount "72"]
[EventDate "1994.03.??"]
[EventType "swiss"]
[EventRounds "9"]
[EventCountry "HUN"]
[SourceTitle "EXT 1997"]
[Source "ChessBase"]
[SourceDate "1996.11.15"]
[SourceVersion "1"]
[SourceVersionDate "1996.11.15"]
[SourceQuality "1"]

1. Nf3 Nf6 2. c4 g6 3. d4 Bg7 4. Nc3 0-0 5. g3 d6 6. Bg2 Nc6 7. 0-0 a6 8. Bd2 Rb8 9. e3 Bd7 10. Ne1 e5 11. d5 Ne7 12. Nd3 Qc8 13. Re1 Bh3 14. Bh1 h5 15. e4 Nh7 16. f3 Kh8 17. Nf2 Bd7 18. Qc1 f5 19. Ne2 Qe8 20. Bg2 Qf7 21. Rf1 Rbc8 22. a4 c6 23. Qb1 cxd5 24. cxd5 b5 25. Qd3 Nf6 26. Bb4 Ne8 27. Nc3 Rc4 28. Ba3 Rd4 29. Qe2 b4 30. Qxa6 bxc3 31. bxc3 Rxa4 32. Qb7 Bc8 33. Qb5 Ra7 34. Qb6 Rb7 35. Qd8 Bf6 36. Bb4 Rc7 0-1

[Event "RUS-chT 02nd"]
[Site "Kolontaevo"]
[Date "1994.??.??"]
[Round "2"]
[White "Rodin, Mihail"]
[Black "Galanov, Boris"]
[Result "1-0"]
[WhiteElo "2360"]
[BlackElo "2430"]
[PlyCount "77"]
[EventDate "1994.??.??"]
[EventType "team-tourn"]
[EventRounds "9"]
[EventCountry "RUS"]
[SourceTitle "EXT 2020"]
[Source "ChessBase"]
[SourceDate "2019.10.17"]
[SourceVersion "1"]
[SourceVersionDate "2019.10.17"]
[SourceQuality "1"]
[WhiteTeam "Saratov GShK"]
[BlackTeam "Voronezh OShK"]
[WhiteTeamCountry "RUS"]
[BlackTeamCountry "RUS"]

1. e4 c5 2. Nf3 d6 3. d4 cxd4 4. Nxd4 Nf6 5. Nc3 g6 6. Be3 Bg7 7. f3 Nc6 8. Qd2 0-0 9. Bc4 Bd7 10. h4 Qc7 11. Bb3 Na5 12. Bh6 Nc4 13. Bxc4 Qxc4 14. Bxg7 Kxg7 15. h5 Nxh5 16. g4 Nf6 17. Qh6+ Kg8 18. Nd5 Rfe8 19. g5 Nh5 20. Rxh5 Qxd4 21. Nxe7+ Rxe7 22. Qxh7+ Kf8 23. Qh8+ Qxh8 24. Rxh8+ Kg7 25. Rxa8 d5 26. 0-0-0 dxe4 27. fxe4 f6 28. gxf6+ Kxf6 29. Rxa7 Bg4 30. Rd6+ Kg5 31. Ra5+ Kh6 32. Rb5 Rxe4 33. b4 Bf3 34. a4 Rc4 35. Kd2 Rc7 36. a5 Rg7 37. Rd3 Bh5 38. Rbd5 Rg8 39. Rd8 1-0

[Event "Berliner Sommer 12th"]
[Site "Berlin"]
[Date "1994.??.??"]
[Round "?"]
[White "Schulz, Rainer"]
[Black "Galanov, Boris"]
[Result "0-1"]
[WhiteElo "2245"]
[BlackElo "2430"]
[PlyCount "70"]
[EventDate "1994.08.??"]
[EventType "swiss"]
[EventRounds "9"]
[EventCountry "GER"]
[SourceTitle "EXT 1997"]
[Source "ChessBase"]
[SourceDate "1996.11.15"]
[SourceVersion "1"]
[SourceVersionDate "1996.11.15"]
[SourceQuality "1"]

1. d4 Nf6 2. Nf3 g6 3. c4 Bg7 4. Nc3 0-0 5. e4 d6 6. Be2 e5 7. Be3 Ng4 8. Bg5 f6 9. Bc1 Nc6 10. d5 Ne7 11. h3 Nh6 12. 0-0 Nf7 13. Ne1 f5 14. Nd3 f4 15. Bg4 h5 16. Bxc8 Rxc8 17. Bd2 Nh6 18. f3 Bf6 19. Be1 g5 20. c5 Ng6 21. Rc1 Be7 22. b4 Kh8 23. Nb5 a6 24. Na3 Rg8 25. Nc4 g4 26. hxg4 hxg4 27. fxg4 Nh4 28. Ncxe5 dxe5 29. Nxe5 Bf6 30. Bc3 Kh7 31. Nf3 Rxg4 32. Nxh4 Bxh4 33. Qd4 Qg5 34. Rc2 Rg8 35. Qd2 Bg3 0-1

[Event "Kecskemet5"]
[Site "Kecskemet"]
[Date "1992.??.??"]
[Round "?"]
[White "Galanov, Boris"]
[Black "Siklosi, Zoltan"]
[Result "0-1"]
[WhiteElo "2385"]
[BlackElo "2280"]
[PlyCount "86"]
[EventDate "1992.??.??"]
[EventType "tourn"]
[EventRounds "13"]
[EventCountry "HUN"]
[EventCategory "4"]
[SourceTitle "EXT 2004"]
[Source "ChessBase"]
[SourceDate "2003.11.25"]
[SourceVersion "1"]
[SourceVersionDate "2003.11.25"]
[SourceQuality "1"]

1. e4 e5 2. Nf3 Nc6 3. Nc3 Nf6 4. d4 exd4 5. Nd5 Be7 6. Bf4 d6 7. Nxd4 Nxd5 8. exd5 Nxd4 9. Qxd4 0-0 10. 0-0-0 Bf6 11. Qd2 Re8 12. f3 Bd7 13. g4 c5 14. g5 Be5 15. Bxe5 Rxe5 16. h4 Qe7 17. Bd3 Re8 18. Kb1 a6 19. h5 Rxg5 20. f4 Rg3 21. h6 Qf6 22. hxg7 Bf5 23. Bxf5 Qxf5 24. Rdg1 Ree3 25. Rxg3 Rxg3 26. Qh2 Rxg7 27. Re1 Rg4 28. Qh6 Qe4 29. Rc1 Qxf4 30. Qh3 Qg5 31. Qh2 Qg6 32. a3 Rg2 33. Qh3 Qg4 34. Qe3 Re2 35. Qh6 Qg6 36. Qh3 Kg7 37. Qd7 h5 38. Qxb7 h4 39. Qxa6 Rg2 40. Qf1 h3 41. Qf3 h2 42. Qc3+ Kg8 43. Qh3 Qg3 0-1

[Event "Kecskemet9"]
[Site "Kecskemet"]
[Date "1991.??.??"]
[Round "?"]
[White "Afek, Yochanan"]
[Black "Galanov, Boris"]
[Result "1-0"]
[WhiteElo "2510"]
[BlackElo "2320"]
[PlyCount "230"]
[EventDate "1991.??.??"]
[EventType "tourn"]
[EventRounds "11"]
[EventCountry "HUN"]
[EventCategory "3"]
[SourceTitle "EXT 2004"]
[Source "ChessBase"]
[SourceDate "2003.11.25"]
[SourceVersion "1"]
[SourceVersionDate "2003.11.25"]
[SourceQuality "1"]

1. e4 c5 2. c3 d5 3. exd5 Qxd5 4. d4 Nf6 5. Nf3 e6 6. Be2 Be7 7. 0-0 cxd4 8. cxd4 Nc6 9. Nc3 Qd6 10. Bg5 0-0 11. Rc1 a6 12. Qd2 Nd5 13. Bxe7 Ncxe7 14. Bd3 Qf4 15. Qxf4 Nxf4 16. Be4 f5 17. Bc2 b5 18. Rfe1 Bb7 19. Ng5 b4 20. Na4 Bxg2 21. Nxe6 Neg6 22. Bb3 Kh8 23. Nb6 Nxe6 24. Rxe6 Rad8 25. Rxg6 hxg6 26. Kxg2 Rxd4 27. Rc6 Rf6 28. Rc8+ Kh7 29. Nc4 g5 30. Rc5 Kh6 31. Ne3 g6 32. h3 Rb6 33. Rc7 Rbd6 34. Ra7 g4 35. hxg4 f4 36. Nc2 Rd2 37. Nxb4 Rxb2 38. Nc2 Kg5 39. Ne1 Kxg4 40. Nf3 Kf5 41. Rb7 Re2 42. Rf7+ Kg4 43. Ba4 g5 44. Rg7 Kh5 45. Rxg5+ Kh6 46. Bb3 Rg6 47. Rxg6+ Kxg6 48. Nd4 Rd2 49. Ne6 Kf5 50. Kf3 Rd3+ 51. Ke2 Rh3 52. Nc5 Ke5 53. Nd3+ Ke4 54. Bd5+ Kd4 55. Nxf4 Rh8 56. Bb3 a5 57. Ne6+ Ke5 58. Nc5 Kd4 59. Ne6+ Ke5 60. Ng5 Kf4 61. Nf7 Re8+ 62. Kf1 Ra8 63. Bd5 Ra7 64. Nd8 Rd7 65. Ne6+ Kf5 66. Bb3 Rd2 67. Ke1 Rb2 68. Nc5 Rb1+ 69. Ke2 Ke5 70. Kd3 Rf1 71. Kc4 Kd6 72. Kb5 Rh1 73. Ne4+ Ke5 74. Nd2 Kf4 75. Kxa5 Rh2 76. Nc4 Rxf2 77. a4 Ke4 78. Kb5 Kd4 79. Nb6 Ke5 80. a5 Kd6 81. a6 Rf5+ 82. Kb4 Rf4+ 83. Bc4 Rf8 84. a7 Kc6 85. a8Q+ Rxa8 86. Nxa8 Kd6 87. Nb6 Kc6 88. Nd5 Kd6 89. Kc3 Ke5 90. Kd3 Kd6 91. Kd4 Ke6 92. Bd3 Kd6 93. Bf5 Kc6 94. Nc3 Kd6 95. Nb5+ Ke7 96. Ke5 Kf7 97. Nd6+ Kg7 98. Ke6 Kh8 99. Kf6 Kg8 100. Nf7 Kf8 101. Bh7 Ke8 102. Ne5 Kf8 103. Nd7+ Ke8 104. Ke6 Kd8 105. Kd6 Ke8 106. Bg6+ Kd8 107. Bf7 Kc8 108. Nc5 Kd8 109. Nb7+ Kc8 110. Kc6 Kb8 111. Be6 Ka7 112. Kc7 Ka6 113. Bc4+ Ka7 114. Nd6 Ka8 115. Bd3 Ka7 1-0

[Event "Budapest Spring op 07th"]
[Site "Budapest"]
[Date "1991.??.??"]
[Round "9"]
[White "Bangiev, Alexander J"]
[Black "Galanov, Boris"]
[Result "0-1"]
[WhiteElo "2400"]
[BlackElo "2320"]
[PlyCount "68"]
[EventDate "1991.03.??"]
[EventType "swiss"]
[EventRounds "9"]
[EventCountry "HUN"]
[SourceTitle "TD"]
[Source "ChessBase"]
[SourceDate "1994.03.01"]
[SourceVersion "1"]
[SourceVersionDate "1994.03.01"]
[SourceQuality "1"]

1. d4 Nf6 2. c4 e5 3. dxe5 Ng4 4. Nf3 Bc5 5. e3 Nc6 6. Be2 0-0 7. 0-0 Re8 8. b3 Ngxe5 9. Bb2 Nxf3+ 10. Bxf3 Ne5 11. Be2 a5 12. Nc3 Ra6 13. Na4 Bf8 14. e4 Rg6 15. Qc2 Qh4 16. f4 Ng4 17. Bxg4 Qxg4 18. e5 Rh6 19. Rae1 d6 20. exd6 Rxe1 21. Rxe1 Rxh2 22. Qf2 Qh5 23. Qg3 Rh1+ 24. Kf2 Rxe1 25. Kxe1 Qh1+ 26. Kf2 cxd6 27. Qg5 h6 28. Qd8 Be6 29. Ba3 Qd1 30. Nb6 Qd2+ 31. Kf3 h5 32. Qc7 Qxa2 33. Bxd6 Qxb3+ 34. Kf2 Qc2+ 0-1

[Event "Kecskemet9"]
[Site "Kecskemet"]
[Date "1991.??.??"]
[Round "?"]
[White "Gyimesi, Zoltan"]
[Black "Galanov, Boris"]
[Result "0-1"]
[WhiteElo "2240"]
[BlackElo "2320"]
[PlyCount "48"]
[EventDate "1991.??.??"]
[EventType "tourn"]
[EventRounds "11"]
[EventCountry "HUN"]
[EventCategory "3"]
[SourceTitle "EXT 2004"]
[Source "ChessBase"]
[SourceDate "2003.11.25"]
[SourceVersion "1"]
[SourceVersionDate "2003.11.25"]
[SourceQuality "1"]

1. d4 Nf6 2. c4 e5 3. dxe5 Ng4 4. Bf4 Bb4+ 5. Nd2 d6 6. Ngf3 dxe5 7. Bxe5 Nxe5 8. Nxe5 Qd4 9. Nd3 Bxd2+ 10. Qxd2 Qxc4 11. Rc1 Qxa2 12. Nb4 Qe6 13. Nd5 Na6 14. Rxc7 0-0 15. e3 Nxc7 16. Nxc7 Qc6 17. Nxa8 Be6 18. f3 Rxa8 19. Bd3 g6 20. Kf2 Rd8 21. Qe2 Bb3 22. g3 Qd6 23. Be4 f5 24. Bxb7 Qb4 0-1

[Event "Kecskemet6"]
[Site "Kecskemet"]
[Date "1991.??.??"]
[Round "?"]
[White "Haragos, Kalman"]
[Black "Galanov, Boris"]
[Result "1/2-1/2"]
[WhiteElo "2205"]
[BlackElo "2320"]
[PlyCount "42"]
[EventDate "1991.??.??"]
[EventType "tourn"]
[EventRounds "11"]
[EventCountry "HUN"]
[EventCategory "3"]
[SourceTitle "EXT 2004"]
[Source "ChessBase"]
[SourceDate "2003.11.25"]
[SourceVersion "1"]
[SourceVersionDate "2003.11.25"]
[SourceQuality "1"]

1. d4 Nf6 2. Nf3 g6 3. Bg5 Bg7 4. Nbd2 d5 5. e3 0-0 6. c3 Nbd7 7. Be2 Re8 8. 0-0 c5 9. b4 cxb4 10. cxb4 Nf8 11. Rc1 Bg4 12. h3 Bd7 13. Bf4 Ne6 14. Bh2 Qb6 15. Qb3 Bb5 16. Bxb5 Qxb5 17. a4 Qb6 18. Rc2 Rec8 19. Rfc1 Qd8 20. Ne5 Rxc2 21. Qxc2 Nd7 1/2-1/2

[Event "HUN-ch op"]
[Site "Gyor"]
[Date "1990.??.??"]
[Round "2"]
[White "Fogarasi, Tibor"]
[Black "Galanov, Boris"]
[Result "1/2-1/2"]
[WhiteElo "2400"]
[BlackElo "2285"]
[PlyCount "62"]
[EventDate "1990.09.??"]
[EventType "swiss"]
[EventRounds "11"]
[EventCountry "HUN"]
[SourceTitle "EXT 1997"]
[Source "ChessBase"]
[SourceDate "1996.11.15"]
[SourceVersion "1"]
[SourceVersionDate "1996.11.15"]
[SourceQuality "1"]

1. e4 c5 2. Nf3 d6 3. d4 cxd4 4. Nxd4 Nf6 5. Nc3 g6 6. Be3 Bg7 7. f3 Nc6 8. Qd2 0-0 9. Bc4 Bd7 10. 0-0-0 Qc7 11. Bb3 Rfc8 12. Nxc6 bxc6 13. g4 a5 14. a4 Rab8 15. h4 Qb7 16. e5 Nd5 17. exd6 Nxc3 18. bxc3 Be6 19. dxe7 Qxe7 20. Qd6 Qxd6 21. Rxd6 Bxb3 22. cxb3 Rxb3 23. Kd2 Rxc3 24. Rc1 Rxc1 25. Kxc1 Bf8 26. Rd7 Bb4 27. Bb6 Rb8 28. Bd4 c5 29. Be5 Re8 30. f4 c4 31. Rc7 f6 1/2-1/2

[Event "HUN-ch op"]
[Site "Gyor"]
[Date "1990.??.??"]
[Round "5"]
[White "Pogorelov, Ruslan"]
[Black "Galanov, Boris"]
[Result "1-0"]
[WhiteElo "2385"]
[BlackElo "2285"]
[PlyCount "87"]
[EventDate "1990.09.??"]
[EventType "swiss"]
[EventRounds "11"]
[EventCountry "HUN"]
[SourceTitle "EXT 1997"]
[Source "ChessBase"]
[SourceDate "1996.11.15"]
[SourceVersion "1"]
[SourceVersionDate "1996.11.15"]
[SourceQuality "1"]

1. Nf3 Nf6 2. c4 g6 3. Nc3 Bg7 4. e4 d6 5. d4 0-0 6. Be2 e5 7. d5 a5 8. Be3 Ng4 9. Bg5 f6 10. Bh4 Qe8 11. Nd2 Nh6 12. 0-0 Na6 13. f3 f5 14. Rb1 Bd7 15. b3 f4 16. a3 Bf6 17. Bf2 Qe7 18. b4 axb4 19. axb4 Bh4 20. Bxh4 Qxh4 21. c5 dxc5 22. Bxa6 Rxa6 23. bxc5 Qe7 24. d6 cxd6 25. Nd5 Qd8 26. Nc4 Ba4 27. Qc1 dxc5 28. Nxe5 b5 29. Qxc5 Qd6 30. Qd4 Rd8 31. Nd3 Nf5 32. exf5 Qxd5 33. Qxd5+ Rxd5 34. Nb4 Rad6 35. Nxd5 Rxd5 36. fxg6 hxg6 37. Rb4 Rf5 38. Rc1 Kg7 39. h4 Kh6 40. Rc7 g5 41. hxg5+ Kxg5 42. Rg7+ Kf6 43. Rg4 Ke5 44. Kf2 1-0